000 00577nam a22001817a 4500
005 20251204100312.0
008 251125b |||||||| |||| 00| 0 eng d
020 _a9780521873758
040 _cPK-LaUMT
082 _a616.07548
_bPAP-C
100 _aPapanicolaou, Andrew C.
_98068
245 _aClinical magneto-encephalography and magnetic source imaging /
_cby Andrew C. Papanicolaou
260 _aCambridge :
_bCambridge University Press,
_c2009
300 _a207 p.
650 _aMagnetoencephalogrphy
_98069
650 _aMagnetic resonance imaging
_94701
942 _cBK
999 _c139235
_d139235